| 000 | 00477nam a2200181Ia 4500 | ||
|---|---|---|---|
| 003 | GCL | ||
| 008 | 140319s9999 xx 000 0 eng d | ||
| 040 |
_aGCL / _cGCL |
||
| 082 | 0 | 4 |
_a700 _bW P |
| 100 | 1 | _aWAR DWELL, ALLEN | |
| 245 | 1 | 0 |
_aPRIMITIVE ART FROM CHICAGO COLLECTION / _cWAR DWELL, ALLEN |
| 260 |
_a[S.N] : _bTHE ART INSTITUTE OF CHICAE ، _c1960 |
||
| 300 | _a201 P | ||
| 650 | 0 | 4 | _aARTS |
| 650 | 0 | 4 | _aART, AMERICAN |
| 650 | 0 | 4 | _aART, PRIMITIVE |
| 942 |
_2ddc _cBK |
||
| 999 |
_c19399 _d19399 |
||